ბათუმის შოთა რუსთაველის სახელმწიფო უნივერსიტეტის ბიბლიოთეკა

ძმები : (ბიბ.ჩანაწერი № 40241)

000 -ლიდერი
ფიქსირებული სიგრძის საკონტროლო ველი 00808nam a2200217Ia 4500
001 - საკონტროლო ნომერი
საკონტროლო ველი 6849
003 - საკონტროლო ნომრის იდენტიფიკატორი
საკონტროლო ველი GE_BSU
005 - ბოლო ოპერაციის თარიღი და დრო
საკონტროლო ველი 20200120161817.0
008 - ფიქსირებული სიგრძის მონაცემთა ელემენტები - ზოგადი ინფორმაცია
ფიქსირებული სიგრძის საკონტროლო ველი 181216s1959||||ge |||||||||||||| ||geo||
040 ## - კატალოგიზაციის წყარო
Transcribing agency GE_BSU
041 ## - ენის კოდი
Language code of text/sound track or separate title geo
080 ## - უნივერსალური ათობითი კლასიფიკაციის ინდექსი
Universal Decimal Classification number 82-93 გ-61
100 ## - მთავარი ჩანაწერი - პიროვნების სახელი
Personal name გოგოლაშვილი, ელენე.
9 (RLIN) 6258
245 ## - ცნობა სათაურის შესახებ
Title ძმები :
Remainder of title მოთხრობა /
Statement of responsibility, etc ელენე გოგოლაშვილი ; რედ. ე. ქარელიშვილი.
264 ## - წარმოების, გამოცემის, დისტრიბუციის და სხვა ცნობები
გამოცემის, წარმოების, დისტრიბუციის... ადგილი თბილისი :
გამოცემის, წარმოების, დისტრიბუციის... სახელწოდება საბლიტგამი,
გამოცემის, წარმოების, დისტრიბუციის... თარიღი 1959.
300 ## - ფიზიკური აღწერა
Extent 262 გვ. :
Other physical details ილ. ;
Dimensions 21 სმ.
653 ## - INDEX TERM--UNCONTROLLED
Uncontrolled term მოთხრობა
653 ## - INDEX TERM--UNCONTROLLED
Uncontrolled term ძმები
700 ## - ADDED ENTRY--PERSONAL NAME
Personal name ქარელიშვილი, ე.
Relator term რედაქტორი
9 (RLIN) 6259
942 ## - ADDED ENTRY ELEMENTS (KOHA)
Koha item type წიგნი
Source of classification or shelving scheme
ეგზემპლარები
ჩამოწერის სტატუსი დაკარგული ეგზემპლარის სტატუსი კლასიფიკაციის წყარო ან თაროზე გაწყობის სქემა დაზიანების სტატუსი არ გაიცემა მუდმივი მდებარეობა (დაცვის ადგილი) ამჟამინდელი ადგილსამყოფელი თაროზე განთავსების ადგილი შეძენის თარიღი ღირებულება, შესყიდვის ნორმალური ფასი სრული შენახვის შიფრი შტრიხკოდი ბოლო ოპერაციის თარიღი ეგზემპლარის მიმდევრობითი ნომერი (კეტერი?) ფასის ძალაში შესვლის თარიღი ეგზემპლარის სახეობა საჯარო შენიშვნა
          ბათუმის შოთა რუსთაველის სახელმწიფო უნივერსიტეტის მთავარი ბიბლიოთეკა ბათუმის შოთა რუსთაველის სახელმწიფო უნივერსიტეტის მთავარი ბიბლიოთეკა წიგნსაცავი 2018-12-17 13.40 82-93 გ-61 14680 2018-12-17 14680 2018-12-17 წიგნი 13.40 ლ.
          ბათუმის შოთა რუსთაველის სახელმწიფო უნივერსიტეტის მთავარი ბიბლიოთეკა ბათუმის შოთა რუსთაველის სახელმწიფო უნივერსიტეტის მთავარი ბიბლიოთეკა წიგნსაცავი 2018-12-17 13.40 82-93 გ-61 14681 2018-12-17 14681 2018-12-17 წიგნი 13.40 ლ.